| 000 | 00666nam a2200241 i 4500 | ||
|---|---|---|---|
| 001 | bg | ||
| 100 | 1 | _aDrobnik, Jacek. | |
| 245 | 1 | 0 |
_aZielnik i zielnikoznawstwo / _cJacek Drobnik. |
| 260 |
_aWarszawa : _bWydawnictwo Naukowe PWN ; _c2007. |
||
| 300 |
_a293 s. : _brys. ; _c24 cm. |
||
| 504 | _aBibliogr. s. 265-274. Indeks. | ||
| 650 | 9 | _aZielniki | |
| 655 | _aPoradniki | ||
| 020 | _a9788301151430 | ||
| 040 | _cBPK | ||
| 041 | 0 | _apol | |
| 044 | _aPOL | ||
| 080 | _a582(083.1) | ||
| 920 | _a978-83-01-15143-0 | ||
| 942 | _cKS | ||
| 008 | s pl f |000 0 pol | ||
| 999 |
_c54304 _d54304 |
||
| 856 |
_uhttp://koha.tu.koszalin.pl/cgi-bin/koha/opac-detail.pl?biblionumber=54304 _yKatalog online BPK |
||